[Event "AUTO-ADV-4920"]
[Site "http://www.queenalice.com/game.php?id=1872999"]
[Date "2026.5.6"]
[Round "2"]
[White "Connor"]
[Black "Jsc"]
[Result "1-0"]
[WhiteElo "1889"]
[BlackElo "2066"]

1. d4 d5 2. e3 a6 3. c4 dxc4 4. Bxc4 Bf5 5. Nc3 e6 6. Bd3 Bg6 7. Nf3 Bd6 8. Ne4
Bxe4 9. Bxe4 c6 10. a3 Nf6 11. Bd3 Nbd7 12. b4 b5 13. Bb2 O-O 14. Rc1 Qc7 15. g3
a5 16. bxa5 Qxa5+ 17. Qd2 Qb6 18. Ra1 Nd5 19. O-O Ra7 20. e4 Ne7 21. e5 Bc7 22.
Rac1 Nd5 23. Qc2 g6 24. Qxc6 1-0